000 nam a22 7a 4500
999 _c8468
_d8468
008 180116b ||||| |||| 00| 0 eng d
100 _aMittal.R.S.
_94866
245 _aLab manual Science
260 _aNew Delhi
_bArya
_c2008